000 00460nam a2200193Ia 4500
005 20250423094306.0
008 250422s9999 xx 000 0 und d
020 _a9788121925372
050 _aTJ 230. G87/
100 _aGupta Khurmi
245 2 _aA textbook of machine design
250 _a2nd ed.
260 _aS Chand Ltd
260 _bNew Delhi
260 _c2017
300 _a1230 p
650 _aA textbook of Machine Design
942 _cBK
999 _c26820
_d26820